000 00266nam a2200097Ia 4500
001 1300168
005 20260420095859.0
008 260420s9999 xx 000 0 und d
245 0 _aÖLÇÜLÜ DAVRANMAK NE GÜZEL
_cMÜNİRE ŞAFAK
260 _bTİMAŞ ÇOCUK YAYINLARI
999 _c1300168
_d1300168